My Chemical Romance The Kids from Yesterday Lyrics - Statistics

General Stats
  • This quiz has been taken 127 times
  • The average score is 193 of 247
Answer Stats
Answer % Correct
the
99%
kids
97%
we
97%
We
97%
are
96%
from
96%
yesterday
95%
you
92%
to
91%
be
89%
on
88%
only
88%
when
88%
When
88%
hear
87%
heart
87%
your
87%
music
86%
break
84%
begins
83%
say
82%
and
80%
And
80%
were
80%
young
80%
in
79%
That
78%
that
78%
used
78%
make
76%
now
76%
Now
76%
So
76%
live
74%
forever
72%
lights
72%
they
72%
They
72%
can
66%
care
66%
all
64%
All
64%
don't
64%
if
64%
take
64%
of
63%
about
62%
Well
61%
back
59%
bleed
59%
ate
58%
hold
58%
last
58%
or
58%
Or
58%
Today
58%
today
58%
look
57%
pills
57%
tight
57%
Cause
55%
this
55%
black
54%
goes
54%
message
54%
sun
54%
could
53%
feel
53%
television
53%
hate
51%
rules
50%
stars
50%
find
47%
person
47%
I'll
46%
Does
45%
every
43%
need
43%
accidents
42%
cameras
42%
stop
42%
rides
41%
Ooh
38%
ooh
38%
watch
38%
won't
34%
beating
29%
breathing
26%
it
26%
out
26%
stops
25%
Here
18%
til
17%
Yell
9%
No matching quizzes found
Score Distribution
Percent of People with Each Score
Percentile by Number Answered
Your Score History
You have not taken this quiz